00385cam a22001095a 4500020001800000040000800018082002600026100002000052245007200072260009600144300003500240 a9789719371809 cDLC a822 PUB 2006 A097 Or.1 aBernardo, F. A.10aManagement of colleges and universities of science and technology / a[Los Baños] :bPublished and distributed by the UPLB Foundation, Inc. and SEARCA,cc2006. axxii, 459 p. :bill. ;c25 cm.